Lieux des conciles généraux catholiques de 325 à 1965 - Statistiques

Statistiques générales
  • Ce quiz a été pris 39 fois
  • Le résultat moyen est 7 sur 13
Statistiques - réponses
Indice 1 Indice 2 Date(s) Réponse % Correct
Iznik N 325 / 787 Nicée
95%
Rome V 1869-1870 / 1962-1965 Vatican
86%
Byzance C 381 / 553 / 680-681 / 869-870 Constantinople
84%
Rome L 1123 / 1139 / 1179 / 1215 / 1512-1517 Latran
70%
69 L 1245 / 1274 Lyon
62%
Trentin-Haut-Adige T 1545-1563 Trente
59%
Bithynie C 451 Chalcédoine
51%
Ionie E 431 Ephèse
49%
Suisse B 1431-1442 Bâle
43%
63 C 1130 Clermont
41%
38 V 1311-1312 Vienne
38%
Vénétie V 1184 Vérone
30%
Bade-Wurtemberg C 1414-1418 Constance
27%
Aucun quiz correspondant
Distribution des résultats
% des personnes avec chaque résultat
Percentile par nombre de réponses
Votre historique - résultats
Vous n’avez pas pris ce quiz